|
|
|
|
| LEADER |
01017nam a2200277 a 4500 |
| 001 |
c000121494 |
| 003 |
CARM |
| 005 |
00000000000000.0 |
| 008 |
900302s1990 maua b 00110 eng |
| 010 |
|
|
|a 90005779 //r94
|
| 019 |
1 |
|
|a 7163883
|5 LACONCORD2021
|
| 020 |
|
|
|a 0262111241
|
| 035 |
|
|
|a (OCoLC)21295563
|5 LACONCORD2021
|
| 050 |
|
0 |
|a QA76.9.D3
|b K54 1990
|
| 082 |
0 |
0 |
|a 005.75
|2 20
|
| 100 |
1 |
|
|a Kim, Won.
|
| 245 |
1 |
0 |
|a Introduction to object-oriented databases /
|c Won Kim.
|
| 260 |
|
|
|a Cambridge, Mass. :
|b MIT Press,
|c c1990.
|
| 300 |
|
|
|a xviii, 234 p. :
|b ill. ;
|c 24 cm.
|
| 490 |
1 |
|
|a Computer systems
|
| 504 |
|
|
|a Includes bibliographical references (p. [219]-232) and index.
|
| 650 |
|
0 |
|a Object-oriented databases.
|
| 830 |
|
0 |
|a Computer systems (Cambridge, Mass.)
|
| 852 |
8 |
|
|b CARM
|h A2:AK32F0
|i C03766
|p 0193770
|f BK
|
| 999 |
f |
f |
|i a50337f4-e55c-5ccc-897e-8eaf59280a46
|s 8bf42788-0b66-5daf-81c0-73519a49eae3
|
| 952 |
f |
f |
|p Can circulate
|a CAVAL
|b CAVAL
|c CAVAL
|d CARM 1 Store
|e C03766
|f A2:AK32F0
|h Other scheme
|i book
|m 0193770
|